|
|
|
|
| LEADER |
00000cam a22000004a 4500 |
| 001 |
musev2_251 |
| 003 |
MdBmJHUP |
| 005 |
20230905040046.0 |
| 006 |
m o d |
| 007 |
cr||||||||nn|n |
| 008 |
100413s2010 txu o 00 0 eng d |
| 010 |
|
|
|z 2010015561
|
| 020 |
|
|
|a 9781574413342
|
| 020 |
|
|
|z 9781574412925
|
| 035 |
|
|
|a (OCoLC)723944062
|
| 040 |
|
|
|a MdBmJHUP
|c MdBmJHUP
|
| 043 |
|
|
|a a-vt---
|a n-us---
|
| 050 |
0 |
4 |
|a DS559.5
|b .G547 2010
|
| 082 |
0 |
|
|a 959.704/342092
|2 22
|
| 100 |
1 |
|
|a Gillam, James T.
|
| 245 |
1 |
0 |
|a Life and Death in the Central Highlands :
|b An American Sergeant in the Vietnam War, 1968-1970 /
|c James T. Gillam.
|
| 264 |
|
1 |
|a Denton, Tex. :
|b University of North Texas Press,
|c 2010.
|
| 264 |
|
3 |
|a Baltimore, Md. :
|b Project MUSE,
|c 2011
|
| 264 |
|
4 |
|c ©2010.
|
| 300 |
|
|
|a 1 online resource (328 pages):
|b ill., maps ;
|
| 336 |
|
|
|a text
|b txt
|2 rdacontent
|
| 337 |
|
|
|a computer
|b c
|2 rdamedia
|
| 338 |
|
|
|a online resource
|b cr
|2 rdacarrier
|
| 490 |
0 |
|
|a Number 5 in the North Texas military biography and memoir series
|
| 500 |
|
|
|a Previously published in 2006 by Edwin Mellen Press under the title: War in the Central Highlands of Vietnam, 1968-1970.
|
| 504 |
|
|
|a Includes bibliographical references and index.
|
| 505 |
0 |
|
|a The Tet offensive: making space for the draft class of 1968 -- Training the draft class of 1968 -- Joining the Vietnam class of 1969/70 -- Operation Putnam wildcat: November 1, 1969 to January 18, 1970 -- Operation Putnam power: January 18 to February 7, 1970 -- Operations Hines and Putnam paragon: February 16 to May 18, 1970 -- Regional politics, diplomacy, and military preparations for invasion: March 11 to May 18, 1970 -- The Cambodian invasion: May 7 to May 15, 1970 -- Joining the Vietnam veteran's class of 1970 -- Epilogue -- Appendix: Where are they now.
|
| 588 |
|
|
|a Description based on print version record.
|
| 650 |
|
0 |
|a Vietnam War, 1961-1975
|x Regimental histories.
|
| 650 |
|
0 |
|a Vietnam War, 1961-1975
|x Campaigns
|z Vietnam
|z Central Highlands.
|
| 650 |
|
0 |
|a Vietnam War, 1961-1975
|v Personal narratives, American.
|
| 600 |
1 |
0 |
|a Gillam, James T.
|
| 651 |
|
0 |
|a Central Highlands (Vietnam)
|x History.
|
| 610 |
1 |
0 |
|a United States.
|b Army.
|b Infantry Regiment, 22nd.
|b Battalion, 1st
|x History.
|
| 655 |
|
7 |
|a Electronic books.
|2 local
|
| 700 |
1 |
|
|a Gillam, James T.
|t War in the Central Highlands of Vietnam, 1968-1970.
|
| 710 |
2 |
|
|a Project Muse.
|e distributor
|
| 830 |
|
0 |
|a North Texas military biography and memoir series ;
|v no. 5
|
| 830 |
|
0 |
|a Book collections on Project MUSE.
|
| 856 |
4 |
0 |
|z Texto completo
|u https://projectmuse.uam.elogim.com/book/251/
|
| 945 |
|
|
|a Project MUSE - Custom Collection
|
| 945 |
|
|
|a Project MUSE - 2010 History
|
| 945 |
|
|
|a Project MUSE - 2010 Complete
|